Dutch-Asiatic trade. 1620-1740 (Record no. 550608)

MARC details
000 -LEADER
fixed length control field 00710nam a2200241Ia 4500
003 - CONTROL NUMBER IDENTIFIER
control field OSt
005 - DATE AND TIME OF LATEST TRANSACTION
control field 20220925204852.0
008 - FIXED-LENGTH DATA ELEMENTS--GENERAL INFORMATION
fixed length control field 220923b |||||||| |||| 00| 0 eng d
020 ## - INTERNATIONAL STANDARD BOOK NUMBER
International Standard Book Number 90 247 9050 6
037 ## - SOURCE OF ACQUISITION
Terms of availability General Book
040 ## - CATALOGING SOURCE
Original cataloging agency RTL
Transcribing agency RTL
Language of cataloging eng
041 ## - LANGUAGE CODE
Source of code eng
Language code of text/sound track or separate title eng
100 ## - MAIN ENTRY--PERSONAL NAME
Personal name Glamann Krist of
9 (RLIN) 269147
245 #0 - TITLE STATEMENT
Title Dutch-Asiatic trade. 1620-1740
260 ## - PUBLICATION, DISTRIBUTION, ETC.
Place of publication, distribution, etc. Hague
Name of publisher, distributor, etc. Martinus Nijhoff
Date of publication, distribution, etc. 1958
300 ## - PHYSICAL DESCRIPTION
Extent xix, 334p.
Dimensions cm.
500 ## - GENERAL NOTE
General note Bibliography: p 324-28
942 ## - ADDED ENTRY ELEMENTS (KOHA)
Classification part X:54.59620k4.L4.k20, J8/TD3
Koha item type General Books
Source of classification or shelving scheme Colon Classification (CC)
Holdings
Withdrawn status Lost status Damaged status Not for loan Home library Current library Date acquired Total Checkouts Full call number Barcode Date last seen Price effective from Koha item type
        Ratan Tata Library Ratan Tata Library 2022-09-25   X:54.59620k4.L4.k20 J8/TD3 RT00721948 Res 2022-09-25 2022-09-25 General Books
Copyright @ Delhi University Library System